| 000 | 00485nam a22001937a 4500 | ||
|---|---|---|---|
| 003 | MPLRDC | ||
| 005 | 20220104143050.0 | ||
| 008 | 210129b ||||| |||| 00| 0 eng d | ||
| 020 | _a978-986-84127-4-3 | ||
| 082 | _a785.28 ADE-2 | ||
| 100 | _a刘祥亚 | ||
| 245 |
_a赌王之王 _c |
||
| 250 | _a一版 | ||
| 260 |
_a台湾 _b好优文化 _c2008 |
||
| 300 | _b267 | ||
| 490 | _aFORBES: 06 | ||
| 650 | _a美国人物传记--谢尔登。阿德尔森 | ||
| 942 |
_cBK _o785.28 ADE-2 |
||
| 999 |
_c36287 _d36277 |
||